[Event "Ivy League Chess Challenge"]
[Site "Toronto CAN"]
[Date "2018.11.11"]
[Round "5"]
[White "Li, Ethan"]
[Black "Fu, James"]
[Result "1/2-1/2"]
[WhiteElo "2248"]
[BlackElo "2061"]
[PlyCount "141"]
[EventDate "2018.11.09"]
[EventType "team"]
[EventRounds "5"]
[EventCountry "CAN"]
[WhiteTeam "Princeton"]
[BlackTeam "Toronto-A"]

1. d4 Nc6 2. Nf3 d6 3. c4 g6 4. Nc3 Bg7 5. e4 e5 6. d5 Nce7 7. Bd3 Nf6 8. O-O
O-O 9. Rb1 h6 10. b4 Nh5 11. c5 Nf4 12. Bc2 Bg4 13. Be3 f5 14. Nb5 a6 15. Nc3
fxe4 16. Bxe4 Nf5 17. b5 Nxg2 18. Kxg2 Bxf3+ 19. Bxf3 Nh4+ 20. Kh1 Nxf3 21. Rg1
Nxg1 22. Qxg1 Qf6 23. b6 cxb6 24. Rxb6 e4 25. Nxe4 Qf3+ 26. Qg2 Qd1+ 27. Qg1
Qxd5 28. Qg2 Qd1+ 29. Qg1 Qf3+ 30. Qg2 Qxg2+ 31. Kxg2 dxc5 32. Nxc5 Rf7 33.
Rxg6 Rc8 34. Rb6 Rc6 35. Rxb7 Rxb7 36. Nxb7 Bf8 37. Kf3 Rc2 38. a4 Rc4 39. a5
Be7 40. Bb6 Kf7 41. Nd8+ Kf6 42. Ke3 Bc5+ 43. Kf3 Bxb6 44. axb6 Rb4 45. b7 a5
46. Nc6 Rb3+ 47. Kg2 Rxb7 48. Nxa5 Rg7+ 49. Kf3 Kg5 50. Kg3 Kh5+ 51. Kh3 Rc7
52. Kg3 Kg5 53. f3 h5 54. h4+ Kf5 55. Nb3 Rg7+ 56. Kf2 Kf4 57. Nd4 Rg6 58. Ne2+
Ke5 59. Ng3 Ra6 60. Nxh5 Rh6 61. Ng3 Rxh4 62. Ne2 Ra4 63. Ke3 Ra3+ 64. Kf2 Rd3
65. Kg2 Rd8 66. Kf2 Kf5 67. Kg2 Kg5 68. Kf2 Rd3 69. Kg3 Re3 70. Nf4 Kf5 71. Ng2
1/2-1/2

[Event "Ivy League Chess Challenge"]
[Site "Toronto CAN"]
[Date "2018.11.11"]
[Round "5"]
[White "Vishwanathan, Ram"]
[Black "Krishnan, Varun"]
[Result "1/2-1/2"]
[WhiteElo "1893"]
[BlackElo "2253"]
[PlyCount "121"]
[EventDate "2018.11.09"]
[EventType "team"]
[EventRounds "5"]
[EventCountry "CAN"]
[WhiteTeam "Yale"]
[BlackTeam "Harvard"]

1. e4 c5 2. Nf3 Nc6 3. Bb5 d6 4. O-O Bd7 5. c3 a6 6. Ba4 Nf6 7. Re1 e5 8. d4 b5
9. dxe5 dxe5 10. Bc2 Be7 11. Nbd2 Qc7 12. a4 Rd8 13. Qe2 O-O 14. Nf1 c4 15. Ne3
Bc8 16. axb5 axb5 17. Nd5 Qd6 18. Rd1 h6 19. Nb4 Qc7 20. Rxd8 Nxd8 21. Nd5 Nxd5
22. exd5 Bd6 23. Nh4 f5 24. Qh5 e4 25. g3 Bc5 26. Ng2 Nf7 27. Bf4 Qb6 28. Qe2
Ng5 29. Bxg5 hxg5 30. b4 Be7 31. Qe3 Qd6 32. Ra7 Bd8 33. Qc5 Qb8 34. d6 Be6 35.
Ra6 Qb7 36. Ra7 Qb8 37. Ra6 Rf7 38. Qc6 Rd7 39. Ne3 Qb7 40. Qxb7 Rxb7 41. Ra8
Rd7 42. Rb8 Rxd6 43. Rxb5 g6 44. Rb7 Bb6 45. Nf1 Bd8 46. Ba4 Bf6 47. Be8 Bxc3
48. Bxg6 Bb2 49. Ne3 f4 50. gxf4 gxf4 51. Nf5 Bxf5 52. Bxf5 f3 53. Rd7 Rxd7 54.
Bxd7 c3 55. Ba4 Ba3 56. Bc2 Bxb4 57. Bxe4 Kg7 58. h4 Kh6 59. Kh2 Bd6+ 60. Kh3
Bc5 61. Kg3 1/2-1/2

[Event "Ivy League Chess Challenge"]
[Site "Toronto CAN"]
[Date "2018.11.11"]
[Round "5"]
[White "Webster, Kyle"]
[Black "Nasir, Zehn"]
[Result "1/2-1/2"]
[WhiteElo "1902"]
[BlackElo "2081"]
[PlyCount "112"]
[EventDate "2018.11.09"]
[EventType "team"]
[EventRounds "5"]
[EventCountry "CAN"]
[WhiteTeam "Michigan"]
[BlackTeam "Toronto-B"]

1. e4 c6 2. d4 d5 3. Nc3 dxe4 4. Nxe4 Bf5 5. Ng3 Bg6 6. N1e2 e6 7. Nf4 Bd6 8.
h4 Ne7 9. h5 Bf5 10. h6 g6 11. Bc4 Na6 12. Qe2 b5 13. Bb3 Qc7 14. Qf3 Nb4 15.
O-O Nxc2 16. Nxf5 Nxf5 17. Bxc2 Nxd4 18. Qc3 Be5 19. Qc5 Nxc2 20. Nd3 Bh2+ 21.
Kh1 Nxa1 22. g3 O-O-O 23. Bf4 Qd7 24. Kxh2 Kb7 25. Nb4 a5 26. Rd1 axb4 27.
Rxd7+ Rxd7 28. Be3 Rb8 29. Qb6+ Kc8 30. Qxc6+ Kd8 31. Qc1 b3 32. Qxa1 Ra8 33.
a3 Rc8 34. a4 b4 35. Bg5+ Ke8 36. Qe1 Rd5 37. Be3 Rc4 38. Qe2 Rc2 39. Qa6 Rxb2
40. Qa8+ Ke7 41. Qb7+ Kf6 42. Qxb4 Rb1 43. g4 g5 44. f4 gxf4 45. Bxf4 Rd3 46.
Bg3 Rdd1 47. g5+ Kg6 48. Kh3 f5 49. Qe7 Rh1+ 50. Bh2 Kh5 51. Qf6 b2 52. g6
Rxh2+ 53. Kxh2 Rh1+ 54. Kxh1 b1=Q+ 55. Kg2 Qc2+ 56. Kf3 Qd3+ 1/2-1/2

[Event "Ivy League Chess Challenge"]
[Site "Toronto CAN"]
[Date "2018.11.11"]
[Round "5"]
[White "Xu, Haizhou"]
[Black "Heimann, Mark"]
[Result "0-1"]
[WhiteElo "2116"]
[BlackElo "2368"]
[PlyCount "56"]
[EventDate "2018.11.09"]
[EventType "team"]
[EventRounds "5"]
[EventCountry "CAN"]
[WhiteTeam "Toronto-B"]
[BlackTeam "Michigan"]

1. e4 e5 2. Nf3 Nc6 3. d3 f5 4. Nc3 Nf6 5. Bg5 Bb4 6. Be2 fxe4 7. dxe4 Bxc3+ 8.
bxc3 h6 9. Bh4 Qe7 10. Qd3 d6 11. O-O g5 12. Bg3 Be6 13. Nd2 b6 14. a4 O-O 15.
Rae1 Na5 16. Qe3 Nd7 17. h4 Rf7 18. hxg5 hxg5 19. f3 Raf8 20. Kf2 Rg7 21. Rh1
Nf6 22. Kg1 Qf7 23. Nf1 Nh5 24. Qf2 Qg6 25. Ne3 g4 26. Bh4 Rf4 27. Rf1 g3 28.
Qe1 Rxh4 0-1

[Event "Jack Taylor mem."]
[Site "Victoria CAN"]
[Date "2018.10.26"]
[Round "1"]
[White "Afshar, Amir"]
[Black "McLaren, Brian"]
[Result "0-1"]
[WhiteElo "1681"]
[BlackElo "2195"]
[PlyCount "50"]
[EventDate "2018.10.26"]
[EventType "swiss"]
[EventRounds "5"]
[EventCountry "CAN"]

1. e4 Nf6 2. e5 Nd5 3. c4 Nb6 4. d4 d6 5. Nf3 Bg4 6. exd6 exd6 7. Nbd2 Be7 8.
Be2 c6 9. b3 O-O 10. O-O d5 11. Ne5 Bxe2 12. Qxe2 dxc4 13. Bb2 cxb3 14. axb3
N8d7 15. Ndf3 Re8 16. Qc2 Bf6 17. Ng4 Nd5 18. Rfd1 a6 19. Nxf6+ Qxf6 20. Ne5
Nf8 21. Ba3 Ne6 22. Rd3 Nxd4 23. Rxd4 Qxe5 24. Qd2 Nf4 25. Kf1 Ne6 0-1

[Event "Jack Taylor mem."]
[Site "Victoria CAN"]
[Date "2018.10.26"]
[Round "1"]
[White "Sadari, Reza"]
[Black "Sali, Zulfikar"]
[Result "0-1"]
[WhiteElo "1725"]
[BlackElo "2287"]
[PlyCount "88"]
[EventDate "2018.10.26"]
[EventType "swiss"]
[EventRounds "5"]
[EventCountry "CAN"]

1. e4 c5 2. Nf3 d6 3. Bb5+ Bd7 4. Bxd7+ Qxd7 5. d4 cxd4 6. Nxd4 Nf6 7. Nc3 g6
8. f3 Bg7 9. Be3 Nc6 10. Qd2 O-O 11. O-O-O Rfc8 12. h4 Ne5 13. g4 b5 14. Bh6 b4
15. Nce2 Nc4 16. Qd3 Bxh6+ 17. g5 Bg7 18. gxf6 Bxf6 19. h5 Rc5 20. hxg6 hxg6
21. Kb1 Rac8 22. f4 Qa4 23. Nb3 Nxb2 24. Nxc5 Rxc5 25. Qb3 Qxb3 26. cxb3 Nxd1
27. Rxd1 Kg7 28. Rc1 Rh5 29. Kc2 Rh2 30. Kd3 a5 31. Rc6 Rh3+ 32. Kd2 g5 33.
fxg5 Bxg5+ 34. Ke1 Re3 35. Rc4 Rd3 36. Nd4 e6 37. Nc2 d5 38. exd5 Rxd5 39. Ke2
e5 40. Kf3 f5 41. Rc6 e4+ 42. Ke2 f4 43. Rc4 f3+ 44. Kf2 Rd2+ 0-1

[Event "Jack Taylor mem."]
[Site "Victoria CAN"]
[Date "2018.10.27"]
[Round "2"]
[White "McLaren, Brian"]
[Black "Yang, Brian"]
[Result "1-0"]
[WhiteElo "2195"]
[BlackElo "1781"]
[PlyCount "89"]
[EventDate "2018.10.26"]
[EventType "swiss"]
[EventRounds "5"]
[EventCountry "CAN"]

1. e4 c5 2. Nc3 Nc6 3. g3 g6 4. Bg2 Bg7 5. d3 d6 6. Be3 e5 7. Nge2 Nge7 8. h3
O-O 9. Qd2 Nd4 10. f4 f5 11. O-O Rb8 12. fxe5 dxe5 13. Bg5 Be6 14. Nd5 Bxd5 15.
exd5 Nxe2+ 16. Qxe2 h6 17. Be3 Qd6 18. c4 f4 19. Bf2 g5 20. Be4 Nf5 21. Bxf5
Rxf5 22. Qe4 Rf7 23. Rab1 Rbf8 24. g4 a5 25. a3 a4 26. b4 axb3 27. Rxb3 b6 28.
Rfb1 Rb8 29. Rb5 Rc7 30. a4 Rcc8 31. Kg2 Bf8 32. Kf3 Be7 33. Qf5 Kg7 34. Ke4
Re8 35. Qe6 Qxe6 36. dxe6 Ra8 37. Rxb6 Rxa4 38. R6b3 Ra2 39. R1b2 Rxb2 40. Rxb2
Kf6 41. Rb6 Rd8 42. Rc6 Bd6 43. Ra6 Kxe6 44. Bxc5 Ke7 45. Rxd6 1-0

[Event "Jack Taylor mem."]
[Site "Victoria CAN"]
[Date "2018.10.27"]
[Round "2"]
[White "Moore, Harry"]
[Black "Richardson, Ross"]
[Result "1-0"]
[WhiteElo "2164"]
[BlackElo "1771"]
[PlyCount "83"]
[EventDate "2018.10.26"]
[EventType "swiss"]
[EventRounds "5"]
[EventCountry "CAN"]

1. e4 c6 2. d4 d5 3. e5 Bf5 4. Nf3 e6 5. Be2 Nd7 6. O-O Nh6 7. h3 Bg6 8. c4 Nf5
9. Nc3 Be7 10. cxd5 cxd5 11. Qb3 Rb8 12. g4 Nh4 13. Nxh4 Bxh4 14. Nb5 Be7 15.
Nxa7 h5 16. Nb5 hxg4 17. hxg4 Bc5 18. Qg3 Be7 19. Bd3 Bxd3 20. Qxd3 Rh4 21. f3
Bg5 22. Qa3 Be7 23. Qe3 Rc8 24. Qd3 Qb6 25. Be3 Rc4 26. a4 Qc6 27. Rac1 Nb6 28.
b3 Rxc1 29. Rxc1 Qd7 30. Rc7 Qd8 31. Qc3 Bg5 32. Bf2 Rh6 33. a5 Bh4 34. Be3 Bg5
35. f4 Bxf4 36. Bxf4 Rg6 37. Qh3 Nd7 38. Qh8+ Ke7 39. Qh4+ f6 40. exf6+ Kf7 41.
Nd6+ Kg8 42. f7+ 1-0

[Event "Jack Taylor mem."]
[Site "Victoria CAN"]
[Date "2018.10.27"]
[Round "2"]
[White "Sali, Zulfikar"]
[Black "Haines, Duncan"]
[Result "1-0"]
[WhiteElo "2287"]
[BlackElo "1861"]
[PlyCount "63"]
[EventDate "2018.10.26"]
[EventType "swiss"]
[EventRounds "5"]
[EventCountry "CAN"]

1. e4 e6 2. d4 d5 3. Nc3 Bb4 4. e5 b6 5. Nf3 Ba6 6. Bxa6 Nxa6 7. O-O Nb8 8. Ne2
Nd7 9. Ng3 Bf8 10. c4 Ne7 11. b3 g6 12. Bg5 c6 13. Qd2 h6 14. Be3 b5 15. Rac1
Qb6 16. h4 a5 17. Rfd1 bxc4 18. bxc4 Qa6 19. cxd5 cxd5 20. Rc7 Rc8 21. Rxc8+
Nxc8 22. h5 g5 23. Nh2 Ncb6 24. Ng4 Nc4 25. Qd3 Qc6 26. Rb1 Be7 27. Kh2 Qc7 28.
Kh3 Ndb6 29. Bc1 Qd7 30. f4 gxf4 31. Bxf4 Bg5 32. Bxg5 1-0

[Event "Jack Taylor mem."]
[Site "Victoria CAN"]
[Date "2018.10.27"]
[Round "2"]
[White "Tate, William"]
[Black "Cheng, Louis"]
[Result "0-1"]
[WhiteElo "1777"]
[BlackElo "2141"]
[PlyCount "70"]
[EventDate "2018.10.26"]
[EventType "swiss"]
[EventRounds "5"]
[EventCountry "CAN"]

1. d4 Nf6 2. Nf3 e6 3. Bg5 Be7 4. e3 b6 5. Bd3 Bb7 6. O-O d6 7. c4 Nbd7 8. Nc3
h6 9. Bxf6 Bxf6 10. e4 c5 11. Nb5 Qb8 12. Nxd6+ Qxd6 13. e5 Bxe5 14. Nxe5 cxd4
15. Nxd7 Qxd7 16. Qg4 O-O-O 17. Be4 f6 18. Bxb7+ Kxb7 19. Rfd1 e5 20. Qg6 f5
21. a4 Rhf8 22. a5 Rf6 23. a6+ Kb8 24. Qg3 f4 25. Qf3 Qc6 26. Qe2 e4 27. Re1
Re6 28. b4 d3 29. Qg4 g5 30. b5 Qxc4 31. Rec1 Qd5 32. h4 e3 33. fxe3 Rxe3 34.
hxg5 hxg5 35. Kf1 Rh8 0-1

[Event "Jack Taylor mem."]
[Site "Victoria CAN"]
[Date "2018.10.27"]
[Round "3"]
[White "Cheng, Louis"]
[Black "Sali, Zulfikar"]
[Result "0-1"]
[WhiteElo "2141"]
[BlackElo "2287"]
[PlyCount "126"]
[EventDate "2018.10.26"]
[EventType "swiss"]
[EventRounds "5"]
[EventCountry "CAN"]

1. d4 Nf6 2. c4 g6 3. Nc3 Bg7 4. Nf3 O-O 5. Bd2 d6 6. g3 c5 7. Bg2 Na6 8. O-O
Bf5 9. dxc5 Nxc5 10. Qc1 Rc8 11. Nd4 Bd7 12. b3 e5 13. Nc2 Bc6 14. Qa3 Re8 15.
Be3 Bxg2 16. Kxg2 a6 17. Rfd1 Qc7 18. Rac1 h5 19. h3 Bf8 20. Nb4 Ncd7 21. Ncd5
Nxd5 22. Nxd5 Qc6 23. Kg1 Re6 24. Qb2 Bg7 25. a4 f5 26. Qd2 Rce8 27. b4 h4 28.
b5 Qc8 29. b6 hxg3 30. fxg3 Nc5 31. Nc7 Nb3 32. Qd5 Nxc1 33. Rxc1 Kh7 34. c5
dxc5 35. Rxc5 Rxb6 36. Nxe8 Qxe8 37. Rc7 Rb1+ 38. Kf2 Rb2 39. Bg5 Rb6 40. Rd7
Qe6 41. Qxe6 Rxe6 42. Rxb7 Kg8 43. a5 Bf8 44. Be3 Be7 45. Bb6 Kf8 46. Ra7 Ke8
47. Rxa6 Kd7 48. Ra7+ Kc6 49. Be3 Kb5 50. Bb6 Bb4 51. Ke3 Rc6 52. Ra8 Be1 53.
Kf3 Rc3+ 54. e3 Rc2 55. e4 Rc3+ 56. Ke2 Bxg3 57. exf5 gxf5 58. Re8 e4 59. Be3
Rc2+ 60. Bd2 Bf4 61. Rd8 e3 62. Kf3 Rxd2 63. Rb8+ Bxb8 0-1

[Event "Jack Taylor mem."]
[Site "Victoria CAN"]
[Date "2018.10.27"]
[Round "3"]
[White "Cronin, Kent"]
[Black "Moffat, Andrei"]
[Result "0-1"]
[WhiteElo "1607"]
[BlackElo "2135"]
[PlyCount "84"]
[EventDate "2018.10.26"]
[EventType "swiss"]
[EventRounds "5"]
[EventCountry "CAN"]

1. d4 f5 2. Bf4 d6 3. e3 Nf6 4. Nf3 g6 5. Nbd2 Bg7 6. Bc4 e6 7. c3 Qe7 8. h4 h6
9. Qc2 Nc6 10. O-O-O e5 11. dxe5 dxe5 12. Bh2 Bd7 13. Bb5 Ng4 14. Nb3 O-O-O 15.
Rd2 a6 16. Bc4 e4 17. Nfd4 Nxd4 18. Nxd4 Bxd4 19. cxd4 Nxh2 20. Rxh2 g5 21. g3
Qd6 22. Rh1 Rde8 23. Be2 f4 24. hxg5 fxe3 25. fxe3 Qxg3 26. Rxh6 Rxh6 27. gxh6
Qxe3 28. Qc5 Qxh6 29. d5 Kb8 30. d6 cxd6 31. Qxd6+ Qxd6 32. Rxd6 Kc7 33. Rh6
Bc6 34. b4 Rg8 35. Kd2 Rg3 36. Bc4 Kd7 37. Ke2 Rc3 38. Bb3 Bb5+ 39. Kd2 Rg3 40.
Bc2 e3+ 41. Kc1 Rg1+ 42. Kb2 e2 0-1

[Event "Jack Taylor mem."]
[Site "Victoria CAN"]
[Date "2018.10.27"]
[Round "3"]
[White "Lehingrat, Callum"]
[Black "McLaren, Brian"]
[Result "0-1"]
[WhiteElo "2055"]
[BlackElo "2195"]
[PlyCount "88"]
[EventDate "2018.10.26"]
[EventType "swiss"]
[EventRounds "5"]
[EventCountry "CAN"]

1. d4 f5 2. g3 Nf6 3. Bg2 e6 4. c4 c6 5. Nf3 d5 6. O-O Bd6 7. Nc3 O-O 8. Qc2
Qe7 9. Rb1 Nbd7 10. Bg5 h6 11. Bf4 Ne4 12. c5 Bb8 13. Bxb8 Rxb8 14. b4 e5 15.
e3 Nxc3 16. Qxc3 e4 17. Nd2 Nf6 18. b5 Bd7 19. a4 g5 20. Rfe1 Qf7 21. f4 gxf4
22. gxf4 Kh7 23. Nf1 Rg8 24. Re2 Rg7 25. Qa5 Qh5 26. Rbb2 Rbg8 27. Qe1 Be8 28.
Kh1 Qg4 29. Qg3 Qh5 30. Qe1 Ng4 31. Kg1 Qf7 32. Qh4 Nf6 33. h3 Qe7 34. Kh1 Bh5
35. Rec2 Bd1 36. Rd2 Bxa4 37. bxc6 bxc6 38. Qe1 Bb5 39. Ra2 Nh5 40. Kh2 a6 41.
Qd1 Qh4 42. Ra3 Nxf4 43. exf4 Qxf4+ 44. Kg1 Bxf1 0-1

[Event "Jack Taylor mem."]
[Site "Victoria CAN"]
[Date "2018.10.27"]
[Round "3"]
[White "Moore, Harry"]
[Black "Huang, Patrick"]
[Result "1-0"]
[WhiteElo "2164"]
[BlackElo "2039"]
[PlyCount "83"]
[EventDate "2018.10.26"]
[EventType "swiss"]
[EventRounds "5"]
[EventCountry "CAN"]

1. d4 g6 2. c4 Bg7 3. e4 Nc6 4. Nf3 e5 5. dxe5 Nxe5 6. Nxe5 Bxe5 7. Bd3 d6 8.
Nd2 Ne7 9. Nf3 Bg7 10. O-O O-O 11. Rb1 Bg4 12. Bg5 h6 13. Be3 Nc6 14. Be2 f5
15. exf5 gxf5 16. Bf4 Qe7 17. c5 dxc5 18. Re1 Qf7 19. Qa4 Bxf3 20. Bxf3 Nd4 21.
Bxb7 Rab8 22. Qxa7 Qc4 23. Bxc7 Rbe8 24. Bd6 Nb5 25. Qxc5 Qh4 26. Rxe8 Nxd6 27.
Rxf8+ Bxf8 28. Bd5+ Kh8 29. Re1 Be7 30. Qc7 Bf8 31. Qd7 Qg5 32. Qe6 h5 33. h4
Qg4 34. Qf6+ Kh7 35. Re7+ Bxe7 36. Qxe7+ Kh8 37. Qxd6 f4 38. Qf6+ Kh7 39. Be4+
Qg6 40. Qf7+ Kh8 41. Qxg6 f3 42. Qh7# 1-0

[Event "Jack Taylor mem."]
[Site "Victoria CAN"]
[Date "2018.10.28"]
[Round "4"]
[White "Huang, Patrick"]
[Black "Mohammed, Arpak Worya"]
[Result "1/2-1/2"]
[WhiteElo "2039"]
[BlackElo "2236"]
[PlyCount "123"]
[EventDate "2018.10.26"]
[EventType "swiss"]
[EventRounds "5"]
[EventCountry "CAN"]

1. d4 Nf6 2. Bf4 d5 3. e3 e6 4. Nd2 Bd6 5. Bg3 c5 6. c3 O-O 7. Ngf3 b6 8. Bd3
Ba6 9. Qe2 Bxd3 10. Qxd3 Nc6 11. e4 Be7 12. Bh4 cxd4 13. e5 Nd7 14. Bxe7 Qxe7
15. cxd4 Nb4 16. Qb3 Rfc8 17. O-O Rc7 18. Rac1 Rac8 19. Rxc7 Rxc7 20. a3 Nc6
21. Qc2 b5 22. Rc1 Nb6 23. Qc5 Qxc5 24. Rxc5 a6 25. Nb3 Rc8 26. Ne1 Kf8 27. Nd3
Ke7 28. Nb4 Nxb4 29. axb4 Kd8 30. Na5 Na4 31. Nb7+ Kd7 32. Rxc8 Kxc8 33. Nd6+
Kd7 34. b3 Nc3 35. Kf1 Na2 36. Nxf7 Nc1 37. Ng5 Nxb3 38. Nf3 Nc1 39. Ne1 a5 40.
bxa5 b4 41. Nc2 b3 42. Na3 b2 43. Ke1 Nb3 44. a6 Kc6 45. f4 Nxd4 46. Kd2 Kb6
47. Kc3 Ne2+ 48. Kxb2 Nxf4 49. g3 Nd3+ 50. Kc3 Nxe5 51. Nb5 Nc6 52. Nd6 e5 53.
Ne8 e4 54. Nxg7 d4+ 55. Kd2 Kxa6 56. Ne6 e3+ 57. Ke2 Kb5 58. Nxd4+ Nxd4+ 59.
Kxe3 Kc5 60. Kf4 Kd5 61. Kg5 Nf3+ 62. Kh6 1/2-1/2

[Event "Jack Taylor mem."]
[Site "Victoria CAN"]
[Date "2018.10.28"]
[Round "4"]
[White "McLaren, Brian"]
[Black "Cordon, Ian"]
[Result "1/2-1/2"]
[WhiteElo "2195"]
[BlackElo "2075"]
[PlyCount "71"]
[EventDate "2018.10.26"]
[EventType "swiss"]
[EventRounds "5"]
[EventCountry "CAN"]

1. e4 c6 2. d4 d5 3. e5 Bf5 4. h4 h5 5. Bd3 Bxd3 6. Qxd3 e6 7. Bg5 Qb6 8. Nd2
c5 9. c3 Nc6 10. Ngf3 Nge7 11. dxc5 Qxc5 12. O-O Nf5 13. b4 Qb6 14. a4 Qc7 15.
g3 Be7 16. Bf4 O-O 17. Rfc1 Rfd8 18. Qe2 Qd7 19. Nb3 Rac8 20. b5 Nb8 21. Bg5 g6
22. Nbd4 Bxg5 23. Nxg5 Ng7 24. Qe3 Qe7 25. Nh3 Kh7 26. Ng5+ Kg8 27. Nh3 Kh7 28.
a5 Rc4 29. Ng5+ Kg8 30. Nh3 Kh7 31. Nf3 Rc5 32. Nd4 Rdc8 33. Ng5+ Kg8 34. Nh3
Kh7 35. Ng5+ Kg8 36. Nh3 1/2-1/2

[Event "Jack Taylor mem."]
[Site "Victoria CAN"]
[Date "2018.10.28"]
[Round "4"]
[White "Moffat, Andrei"]
[Black "James, Rowan"]
[Result "1/2-1/2"]
[WhiteElo "2135"]
[BlackElo "1897"]
[PlyCount "98"]
[EventDate "2018.10.26"]
[EventType "swiss"]
[EventRounds "5"]
[EventCountry "CAN"]

1. e4 e5 2. Bc4 Nc6 3. d3 Nf6 4. Nf3 Be7 5. O-O O-O 6. Re1 d6 7. c3 a6 8. Bb3
Be6 9. Bc2 Nd7 10. Nbd2 d5 11. Nf1 dxe4 12. dxe4 Nf6 13. Qe2 Bc5 14. Ne3 Ng4
15. Nxg4 Bxg4 16. h3 Be6 17. Ng5 Qe7 18. Qh5 h6 19. Nxe6 Qxe6 20. Bb3 Qf6 21.
Be3 Bd6 22. g4 Be7 23. Kh2 Rad8 24. Qf5 g5 25. Qxf6 Bxf6 26. Bd5 Rd7 27. b4 Nd8
28. Red1 Re8 29. a4 c6 30. Bb3 Rxd1 31. Rxd1 Ne6 32. Rd7 Re7 33. Bxe6 fxe6 34.
Rd8+ Kg7 35. Bc5 Rf7 36. Re8 Rd7 37. Rxe6 Kf7 38. Rd6 Rxd6 39. Bxd6 b5 40. axb5
axb5 41. Kg3 Kg6 42. Kf3 Bg7 43. Ke3 Bf6 44. Kd3 Bg7 45. f3 Bf6 46. Bc5 Bg7 47.
Bf2 Bf6 48. c4 Bg7 49. h4 Bf6 1/2-1/2

[Event "Jack Taylor mem."]
[Site "Victoria CAN"]
[Date "2018.10.28"]
[Round "4"]
[White "Sali, Zulfikar"]
[Black "Moore, Harry"]
[Result "1-0"]
[WhiteElo "2287"]
[BlackElo "2164"]
[PlyCount "185"]
[EventDate "2018.10.26"]
[EventType "swiss"]
[EventRounds "5"]
[EventCountry "CAN"]

1. e4 c5 2. Nf3 d6 3. d4 cxd4 4. Nxd4 Nf6 5. Nc3 g6 6. Be3 Bg7 7. f3 Nc6 8. Qd2
O-O 9. g4 Be6 10. Nxe6 fxe6 11. h4 d5 12. O-O-O d4 13. Bxd4 Nxd4 14. Qxd4 Qxd4
15. Rxd4 Nd5 16. Rxd5 exd5 17. Nxd5 Rxf3 18. Bc4 b5 19. Nxe7+ Kh8 20. Bd3 Re8
21. Nd5 Rc8 22. Kb1 Rcf8 23. a3 Rg3 24. g5 a6 25. Nc7 Rxd3 26. cxd3 Rf2 27. b4
Rb2+ 28. Kc1 Ra2 29. Rh3 Rxa3 30. Nd5 Bd4 31. Kc2 Ra2+ 32. Kb3 Rb2+ 33. Ka3 Rb1
34. h5 Ra1+ 35. Kb3 Rb1+ 36. Kc2 Rb2+ 37. Kc1 gxh5 38. Rxh5 Rg2 39. Kd1 Kg7 40.
Nf4 Rg1+ 41. Ke2 Be5 42. Nd5 Bd4 43. Ne7 Bc3 44. Nd5 Bd4 45. Nc7 Bc3 46. Nxa6
Rg2+ 47. Kf3 Rd2 48. Ke3 Rb2 49. Kf4 Rf2+ 50. Kg4 Be5 51. Nc5 Rf4+ 52. Kh3 Rf2
53. Rh6 Rh2+ 54. Kg4 Rxh6 55. gxh6+ Kxh6 56. Kf5 Bc3 57. Ne6 Bxb4 58. Nd4 Kg7
59. Nxb5 Kf7 60. Nd4 Bc3 61. Nf3 h6 62. d4 Ke7 63. Kg6 Bb2 64. Kxh6 Kf6 65. d5
Bc1+ 66. Kh5 Bf4 67. Kg4 Bb8 68. Nd2 Ke5 69. Kf3 Kd4 70. Nb3+ Kd3 71. Nc5+ Kd4
72. Ne6+ Kd3 73. Nd8 Bh2 74. Ne6 Bb8 75. Ng7 Kd4 76. Nf5+ Ke5 77. Ke3 Bc7 78.
Kd3 Bb8 79. Nd4 Bc7 80. Ne6 Bb6 81. Nf8 Ba7 82. Ng6+ Kf6 83. Nh4 Kg5 84. Nf3+
Kf6 85. e5+ Kf5 86. e6 Bc5 87. Kc4 Ba3 88. Kb5 Kf6 89. Kc6 Ke7 90. Ne5 Kf6 91.
Nd7+ Ke7 92. Nc5 Kd8 93. d6 1-0

[Event "Jack Taylor mem."]
[Site "Victoria CAN"]
[Date "2018.10.28"]
[Round "5"]
[White "Cheng, Louis"]
[Black "James, Rowan"]
[Result "1/2-1/2"]
[WhiteElo "2141"]
[BlackElo "1897"]
[PlyCount "105"]
[EventDate "2018.10.26"]
[EventType "swiss"]
[EventRounds "5"]
[EventCountry "CAN"]

1. d4 d5 2. c4 e6 3. Nc3 Nf6 4. g3 Be7 5. Bg2 O-O 6. cxd5 exd5 7. Nf3 c6 8. O-O
h6 9. Qb3 Re8 10. Bf4 Nbd7 11. Rad1 Qb6 12. Qc2 Nf8 13. Ne5 Ne6 14. Be3 Bd6 15.
h3 Nd7 16. Ng4 h5 17. Nh2 Nc7 18. Na4 Qa6 19. Nf3 Nf6 20. Ng5 g6 21. a3 Bf5 22.
Qb3 Ne4 23. Bxe4 Bxe4 24. Nc3 Bf5 25. Kg2 Rad8 26. Rde1 Ne6 27. f3 Nc7 28. Bc1
f6 29. Nge4 Bxe4 30. fxe4 Kg7 31. Qc2 dxe4 32. Nxe4 Re6 33. Qd2 Rh8 34. Nxd6
Rxd6 35. e4 Qc4 36. e5 Qd5+ 37. Kh2 Re6 38. exf6+ Kf7 39. Qb4 Qb5 40. Rxe6 Qxb4
41. axb4 Nxe6 42. Bf4 Nxf4 43. Rxf4 Re8 44. g4 g5 45. Rf5 hxg4 46. hxg4 Re4 47.
Kg3 Rxd4 48. Rxg5 Kxf6 49. Rf5+ Kg6 50. Rf4 Rd2 51. Rf2 Rd4 52. Rf4 Rd2 53. Rf2
1/2-1/2

[Event "Jack Taylor mem."]
[Site "Victoria CAN"]
[Date "2018.10.28"]
[Round "5"]
[White "Haines, Duncan"]
[Black "Moffat, Andrei"]
[Result "1-0"]
[WhiteElo "1861"]
[BlackElo "2135"]
[PlyCount "65"]
[EventDate "2018.10.26"]
[EventType "swiss"]
[EventRounds "5"]
[EventCountry "CAN"]

1. d4 f5 2. Bg5 h6 3. Bh4 g5 4. e3 Nf6 5. Bg3 Bg7 6. h4 d6 7. hxg5 hxg5 8.
Rxh8+ Bxh8 9. Nc3 e6 10. Qd3 Qe7 11. Nh3 Nh5 12. Bh2 Bf6 13. O-O-O Bd7 14. f3
Nc6 15. Nf2 O-O-O 16. g4 Ng7 17. Ne2 Qf7 18. Kb1 fxg4 19. Nxg4 Nf5 20. Nxf6
Qxf6 21. e4 Nh4 22. f4 gxf4 23. Nxf4 e5 24. Nd5 Qf3 25. dxe5 Bg4 26. Rc1 dxe5
27. Bg3 Ng6 28. Qxf3 Bxf3 29. Bh3+ Kb8 30. Bf5 Nf8 31. Bh4 Re8 32. Nf6 Re7 33.
Rg1 1-0

[Event "Jack Taylor mem."]
[Site "Victoria CAN"]
[Date "2018.10.28"]
[Round "5"]
[White "McLaren, Brian"]
[Black "Sali, Zulfikar"]
[Result "0-1"]
[WhiteElo "2195"]
[BlackElo "2287"]
[PlyCount "66"]
[EventDate "2018.10.26"]
[EventType "swiss"]
[EventRounds "5"]
[EventCountry "CAN"]

1. e4 c5 2. Nc3 Nc6 3. g3 e6 4. Bg2 Nf6 5. Nge2 Be7 6. O-O O-O 7. h3 d5 8. exd5
exd5 9. d4 cxd4 10. Nxd4 h6 11. Be3 Re8 12. Nce2 Bd6 13. c3 a6 14. Rc1 Ne5 15.
b3 Qa5 16. Rc2 Bd7 17. Nf4 Rad8 18. Re1 Bf8 19. Nd3 Ng6 20. Qf3 Ne4 21. Rcc1
Rc8 22. c4 dxc4 23. bxc4 Qa3 24. Nb3 Bc6 25. Qg4 Rcd8 26. Nf4 Nf6 27. Qe2 Nxf4
28. gxf4 Ne4 29. Qg4 Nf6 30. Qf5 Bxg2 31. Kxg2 Qd6 32. Rb1 g6 33. Qc5 Qd3 0-1

[Event "Jack Taylor mem."]
[Site "Victoria CAN"]
[Date "2018.10.28"]
[Round "5"]
[White "Moore, Harry"]
[Black "Lehingrat, Callum"]
[Result "1/2-1/2"]
[WhiteElo "2164"]
[BlackElo "2055"]
[PlyCount "118"]
[EventDate "2018.10.26"]
[EventType "swiss"]
[EventRounds "5"]
[EventCountry "CAN"]

1. Nf3 Nf6 2. c4 e6 3. d4 c5 4. g3 cxd4 5. Nxd4 a6 6. Bg2 Nc6 7. O-O Be7 8. Nc3
O-O 9. b3 Qc7 10. Bb2 d6 11. Rc1 Nxd4 12. Qxd4 Bd7 13. Rfd1 Bc6 14. Nd5 Bxd5
15. cxd5 Qd7 16. dxe6 fxe6 17. Bh3 Rfe8 18. Qc4 Bf8 19. Qc7 Rad8 20. Qb6 Rc8
21. Bg2 Nd5 22. Bxd5 exd5 23. e3 Rxc1 24. Rxc1 Rc8 25. Rxc8 Qxc8 26. Qd4 Qe6
27. a4 Qe4 28. Qc3 Qf3 29. h4 Qg4 30. Kg2 Be7 31. f3 Qg6 32. h5 Qg5 33. g4 Kf7
34. Kg3 Qh4+ 35. Kg2 Qg5 36. b4 Qe5 37. Qd2 Qg5 38. b5 axb5 39. axb5 Ke6 40.
Bd4 Bf6 41. Qd3 g6 42. hxg6 hxg6 43. Qc3 Bxd4 44. Qxd4 Qe5 45. Qd3 Kf6 46. f4
Qe4+ 47. Qxe4 dxe4 48. b6 Ke6 49. Kf2 Kd5 50. Ke2 Kc4 51. Kd2 Kd5 52. Kc3 Kc5
53. f5 gxf5 54. gxf5 Kd5 55. f6 Ke6 56. Kd4 Kxf6 57. Kxe4 Ke6 58. Kd4 Kd7 59.
Kd5 Ke7 1/2-1/2